| 000 | 00799nam a2200205Ia 4500 | ||
|---|---|---|---|
| 999 |
_c36176 _d36176 |
||
| 001 | 2078 | ||
| 003 | GE_BSU | ||
| 005 | 20221024114235.0 | ||
| 008 | 181216s2001ru xx |||||||||||||| ||rus|| | ||
| 040 | _cGE_BSU | ||
| 041 | _arus | ||
| 080 | _a821.113.1 М-91 | ||
| 245 |
_aОт Мериме до Барбюса / _bКнига для чтения на фр. языке в старших классах средн. шк. 8-9 кл. / _cСост. Лариса Мурадова |
||
| 264 |
_aМосква : _bРольф, _c2001. |
||
| 300 |
_a192 стр.: _b с илл. |
||
| 653 | _aОт Мериме до Барбюса | ||
| 653 | _aმერიმეიდან ბარბუსამდე | ||
| 700 |
_aМурадова, Лариса _eშემდგენელი _915472 |
||
| 942 |
_cBK _2udc |
||